000 00657nam a2200205 u 4500
001 62446
005 20180714064454.0
008 150423s2009 xxua r 000 0 spa d
020 _a978-0-8166-5046-0
082 0 _a179.3
_bHAR
100 1 _aHaraway, Donna
_eautor
245 1 0 _aWhen species meet /
_cDonna Haraway.
264 1 _aEstados Unidos de América :
_bUniversity of Minesota Press ;
_c2008
300 _ax, 423 páginas :
_bilustraciones ;
_c23 cm.
336 _atexto
_2rdacontent
337 _asin mediación
_2rdamedia
338 _avolumen
_2rdacarrier
490 0 _aPosthumanities
_v3
650 0 _aInteracción Hombre-Animal
999 _c62446
_d62446